000 00251nam a22001097a 4500
008 170117b xxu||||| |||| 00| 0 eng d
020 _a9780135055786
041 _aeng
080 _22nd
_a618.2
245 _aMEDICAL LANGUAGE
_cTURLEY, S
942 _2udc
_cBK
999 _c2981
_d2981